Guess the Moriarty the Patriot Character - Statistics

General Stats
  • This quiz has been taken 371 times
  • The average score is 11 of 22
Answer Stats
Clue Answer % Correct
The antagonistic protagonist of the series William James Moriarty
96%
The older brother who gave the above his younger brother's nobleman title Albert James Moriarty
94%
The protagonist's famous detective rival Sherlock Holmes
83%
The younger brother who the Moriarty's adopted to treat his heart condition Louis James Moriarty
82%
Afghanistan veteran who became the protagonist rival's roommate Doctor John H. Watson
78%
Stole an important document from the British royal family Irene Adler
71%
Sherlock's brother who owns MI6 Mycroft Holmes
70%
Afghanistan veteran that was pronounced dead / MI6 agent 006 Colonel Sebastian Moran
69%
Sherlock's landlady Miss Hudson
67%
The master of disguises in William's team Fred Porlock
64%
Sherlock's friend who works at Scotland Yard George Lestrade
59%
MI6's weaponsmith Von Herder (Que)
51%
MI6 agent who assisted Moran in Calcutta Moniepeny
41%
'The dancer on the bridge' Frida
38%
MI6 agent 007 James Bond
34%
Commoner hating nobleman who was bought to justice aboard The Noahatic Count Blitz Enders
26%
Albert's father Earl Moriarty
18%
Albert's mother Countess Moriarty
13%
Cause of death: Grapefruit Pie Baron Dublin
8%
Former member of Moran's troop who betrayed them resulting in all except Moran's deaths Daryl
4%
Governor General of India Duke Dunderdale
4%
Killed Trevor Redwood on a train Eddie Hawthorne
4%
No matching quizzes found
Score Distribution
Percent of People with Each Score
Percentile by Number Answered
Your Score History
You have not taken this quiz